1145 1093 1632 1249 1673 1390 1255 1541 1489 1977 1614 1982 1926 1685 1242 1128 1287 1562 1736 1605 1750 1182 1458 1999 1688 1148 1854 1146 1626 1925 1882 1254 1275 1088 1628 1420 1689 1381 1324 1094 1356 1313 1372 1989 1290 1866 1967 1342 1936 1253 1123 1941 1276 1959 1703 1612 1296 1268 1385 1666 1170 1849 1651 1379 1621 1150 1306 1557 1412 1182 1569 1173 1721 1533 1699 1783 1731 1005 1822 1969 1017 1187 1208 1907 1259 1736 1884 1692 1351 1711 1424 1919 1124 1536 1308 1390 1623 1649 1321 BCNSPRNW ULIB Ver.6.0+V

เปลี่ยนเป็นภาษาไทย

Change to English
 แสดงรายละเอียดบรรณานุกรม
  กลับหน้าหลัก

Brief Record : Get Marc (ISO 2709) : E-mail record : QR code < ปิดหน้าต่าง
LEADER : 00000nam 2200000uu 4500
001    13399123303
003     ULIB
008    140818s||||||||th 000 0 tha d
245 00 ความพึงพอใจ
945    ^p0^l0^i016112
999    ^aเกษร โพธิ์สุวรรณ
รายการนี้ยังไม่มีแท็ก
คุณยังไม่ได้ล็อกอิน คุณสามารถมีกิจกรรมร่วมกับเว็บไซต์ได้ แต่ต้องล็อกอินก่อน ::
  ล็อกอิน

รายการสื่อสารสนเทศ

ลำดับที่ ประเภท เลขเรียก/บาร์โค้ด สถานที่ สถานะ
1. งานวิจัย
งานวิจัย
 ฉ.1 
  Barcode: 016112
ห้องสมุดวิทยาเขตสวรรค์ประชารักษ์
►วิจัย
บนชั้น

รายการใกล้เคียง
    ชื่อเรื่อง [ความพึงพอใจ]

BibComment


ยังไม่เคยถูกคอมเมนท์

คอมเมนท์ทรัพยากรรายการนี้
  คอมเมนท์: ความพึงพอใจ


 Copyright 2026. Bcnsprnw @Library